Score 0/35 Timer 05:00
11 Plays Today
% Correct
Ciabatta
92.8%
Gouda
90%
Minestrone
89%
Coleslaw
87.9%
Merlot
87.4%
Sangria
86.5%
Focaccia
84.7%
Sake
84.2%
Flan
83%
Torte
80.7%
Trifle
80.6%
Naan
79.8%
Macaroon
79.5%
Mimosa
77.7%
Fajita
75.4%
Borscht
74.5%
Havarti
69.5%
Challah
65%
% Correct
Panna cotta
63.3%
Jarlsberg
61.5%
Stilton
60.2%
Tabbouleh
56.9%
Pho
56.9%
Cock-a-leekie
55.8%
Sauerbraten
55.7%
Boilermaker
55.6%
Ossobuco
54.1%
Emmentaler
50.9%
Çoban Salatası
43.6%
Porchetta
42.2%
Gado-gado
33.3%
Lavash
30.7%
Menudo
27.1%
Karedok
24.7%
Babute
20.5%
Remove Ads.
Support Sporcle.
Get the best of Sporcle when you Go Orange. This ad-free experience offers more features, more stats, and more fun while also helping to support Sporcle. Thank you for becoming a member.

You're not logged in!

Compare scores with friends on all Sporcle quizzes.
OR
Log In

Show Comments

Extras

Top Quizzes Today


Score Distribution

Your Account Isn't Verified!

In order to create a playlist on Sporcle, you need to verify the email address you used during registration. Go to your Sporcle Settings to finish the process.

Report this User

Report this user for behavior that violates our Community Guidelines.

Details: